Double C Vocabulary Words - Statistics

General Stats
  • This quiz has been taken 27,991 times
    17,877 since last reset
  • The average score is 11 of 20
Answer Stats
Definition Word % Correct
Espresso and steamed milk Cappuccino
87%
Smaller version of a flute Piccolo
81%
Native American deerskin shoe Moccasin
75%
Plant from which cigars are made Tobacco
75%
Tailbone Coccyx
66%
Italian potato dumplings Gnocchi
66%
Opposite of oriental Occidental
66%
Inoculation Vaccine
61%
Musical articulation of short, detached notes Staccato
53%
One's profession Occupation
49%
Posh casino game Baccarat
47%
Seductive female demon who steals one's energy Succubus
47%
Italian ball-rolling game Bocce
46%
Pirate Buccaneer
46%
House plaster often used in warm, sunny climates Stucco
46%
Type of artificial sweetener Saccharin
44%
Soft; floppy Flaccid
43%
Type of summer squash Zucchini
41%
An international agreement Accord
35%
Drunken orgy Bacchanalia
28%
No matching quizzes found
Score Distribution
Percent of People with Each Score
Percentile by Number Answered
Your Score History
You have not taken this quiz since the last reset